Medición y evaluación de la comunicación (Record no. 63842)

MARC details
000 -LEADER
campo de control de longitud fija 00655nmm a2200205Ia 4500
008 - DATOS DE LONGITUD FIJA--INFORMACIÓN GENERAL
campo de control de longitud fija 251105s9999||||xx |||||||||||||||||und||
020 ## - NÚMERO INTERNACIONAL ESTÁNDAR DEL LIBRO
Número Internacional Estándar del Libro 9788490297803
041 ## - CÓDIGO DE IDIOMA
Código de lengua del texto/banda sonora o título independiente spa
100 ## - ENTRADA PRINCIPAL--NOMBRE DE PERSONA
Nombre de persona Cavaller Reyes, Víctor
245 #0 - MENCIÓN DEL TÍTULO
Título Medición y evaluación de la comunicación
264 ## - PRODUCCIÓN, PUBLICACIÓN, DISTRIBUCIÓN, FABRICACIÓN Y COPYRIGHT
Producción, publicación, distribución, fabricación y copyright [Madrid, España] :
Nombre del de productor, editor, distribuidor, fabricante Universitat Oberta de Catalunya,
Fecha de producción, publicación, distribución, fabricación o copyright 2013
300 ## - DESCRIPCIÓN FÍSICA
Extensión 198 páginas
650 ## - PUNTO DE ACCESO ADICIONAL DE MATERIA--TÉRMINO DE MATERIA
Término de materia o nombre geográfico como elemento de entrada Media Studies (Journ., TV, etc)
700 ## - ENTRADA AGREGADA--NOMBRE PERSONAL
Nombre de persona Cavaller Reyes, Víctor
700 1# - ENTRADA AGREGADA--NOMBRE PERSONAL
Nombre de persona de Carreras Serra, Lluís
700 1# - ENTRADA AGREGADA--NOMBRE PERSONAL
Nombre de persona Sánchez-Añón, Silvia
700 1# - ENTRADA AGREGADA--NOMBRE PERSONAL
Nombre de persona March Plana, Albert
856 ## - LOCALIZACIÓN Y ACCESO ELECTRÓNICOS
Identificador Uniforme de Recursos <a href="https://public.digitaliapublishing.com/a/24515">https://public.digitaliapublishing.com/a/24515</a>
942 ## - ELEMENTOS DE ENTRADA SECUNDARIOS (KOHA)
Tipo de ítem Koha Libro Digital

No items available.

Powered by Koha